Представление документа в формате RUSMARC

ПолеНазваниеЗначение
  Тип записи a
  Библиографический уровень a
001 Контрольный номер 35f28b71d5ba4a3f88eee8a70bec95f1
005 Дата корректировки 20260602112510.7
100 Данные общей обработки __
a Данные общей обработки 20260602 ||| 0rusy0189 ca
101 Язык документа 0_
a Язык текста rus
102 Страна публикации __
a Страна публикации RU
200 Заглавие и сведения об ответственности 1_
a Заглавие Озеро Сапшо и его озы
e Сведения, относящиеся к заглавию [озеро Сапшо в национальном парке Смоленское Поозерье]
f Первые сведения об ответственности В. Васильев
330 Аннотация __
a Аннотация к северу от Смоленска находится одно из красивейших озёр России - озеро Сапшо, которое называли "миниатюрным Байкалом"
461 Уровень набора _0
1 2000
a Живописная Россия
463 Уровень физической единицы _0
1 2000
a № 2 (158)
v С. 10-13 : фот.
1 2101
d 2026
1 001663d655959914d10a1a2902f81dc9bb7
606 Тематические рубрики 0_
a Основная рубрика Гидрология озёр и водохранилищ. Озероведение (лимнология)
y Географическая подрубрика Смоленская область
y Географическая подрубрика Сапшо, озеро, Смоленская область
610 Ключевые слова 0_
a Ключевые слова озёра России, национальные парки, Смоленское Поозёрье
686 Индексы других классификаций __
a Классификационный индекс 26.222.6
700 Автор _1
a Фамилия Васильев
b Имя (инициалы) В.
g Полное личное имя Виктор
801 Источник записи _0
a Страна RU
b Организация УОБДЮ
c Дата составления 20260602
g Правила каталогизации RCR
801 Источник записи _1
a Страна RU
b Организация УОБДЮ
c Дата составления 20260602
g Правила каталогизации RCR
901 Тип документа __
t Тип документа b
w Контрольный № источника 663d655959914d10a1a2902f81dc9bb7
905 Данные по созданию БЗ __
b Логин пользователя, который создал БЗ ibo4
909 Создатель записи __
a Создатель записи Бобылёва И.В.
910 Корректоры записи __
a Корректор записи Бобылёва И.В.